| 000 | 01261cam a22003617a 4500 | ||
|---|---|---|---|
| 003 | CHAP | ||
| 005 | 20220329140322.0 | ||
| 008 | 971013s1977 r 00010 d | ||
| 010 | _a50303 | ||
| 011 | _a51275 | ||
| 035 | _a55425 | ||
| 040 | _cCHAP | ||
| 090 | _aFolleto 4428 | ||
| 100 | 0 | 0 |
_aPiña Luján, Ignacio. _988450 |
| 245 | 1 | 3 | _aLa grana o cochinilla del nopal |
| 260 |
_aMéxico : _bLaboratorios Nacionales de Fomento Industrial, _c1977 |
||
| 300 |
_a55 p. _b: ilus. |
||
| 490 | 0 |
_aMonografías LANFI _v; 1 |
|
| 590 |
_aBATCH-UPD _b10 _c20130110 _lUCH01 _h0153 |
||
| 590 |
_aBATCH-UPD _b10 _c20130110 _lUCH01 _h0739 |
||
| 590 |
_aBATCH-UPD _b10 _c20130409 _lUCH01 _h2154 |
||
| 590 |
_aBATCH-UPD _b10 _c20130914 _lUCH01 _h0954 |
||
| 590 |
_aCONVERSION _b10 _c20130109 _lUCH01 _h1327 |
||
| 650 | 1 | 4 |
_aCochinilla del nopal. _924209 |
| 650 | 1 | 4 |
_aPigmentos animales. _988056 |
| 710 | 0 |
_aLaboratorios Nacionales de Fomento Industrial. México. _964288 |
|
| 830 | 0 |
_aMonografías LANFI _v; 1 _977587 |
|
| 901 | _aBK | ||
| 942 | _cFOLL | ||
| 949 |
_aFolleto 4428 _bBC _cFOLL _d-121603 _eTS1 _i55425 _mD _si _t30.00 |
||
| 949 |
_aFolleto 4428 _bBC _cFOLL _d-121604 _eTS2 _fc.2 _i55425 _mD _si _t30.00 |
||
| 949 |
_aFolleto 4428 _bBC _cFOLL _d-121605 _eTS2 _fc.3 _i55425 _si _t30.00 |
||
| 999 |
_c50303 _d50303 |
||